|
|
|
|
| LEADER |
00000naa2a2200000 4500 |
| 001 |
168427 |
| 005 |
20231226093338.0 |
| 035 |
|
|
|a (RuTPU)RU\TPU\book\182739
|
| 090 |
|
|
|a 168427
|
| 100 |
|
|
|a 20091028d1973 k y0rusy50 ca
|
| 101 |
0 |
|
|a rus
|
| 102 |
|
|
|a RU
|
| 200 |
1 |
|
|a Изучение тонких диэлектрических пленок методом позитронной аннигиляции
|f А. А. Воробьев [и др.]
|
| 320 |
|
|
|a Библиогр.: 2 назв.
|
| 461 |
|
1 |
|0 (RuTPU)RU\TPU\book\98022
|t Физика диэлектриков и перспективы ее развития
|o всесоюзная конференция, Ленинград, 22- 26 октября 1973 г.
|o в 3 томах
|f Физико-технический институт им. А. Ф. Иоффе; Институт химии силикатов; Ленинградский политехнический институт им. М. И. Калинина
|d 1973
|
| 463 |
|
1 |
|0 (RuTPU)RU\TPU\book\97795
|t Т. 2: Поляризация, электретный эффект. Старение и пробой диэлектриков
|v С. 167-168
|d 1973
|p 304 с.
|
| 610 |
1 |
|
|a труды учёных ТПУ
|
| 701 |
|
1 |
|a Воробьев
|b А. А.
|c российский физик
|c ректор Томского политехнического института, профессор
|f 1909-1981
|g Александр Акимович
|3 (RuTPU)RU\TPU\pers\12805
|4 070
|
| 701 |
|
1 |
|a Арефьев
|b К. П.
|c физик
|c профессор Томского политехнического университета, доктор физико-математических наук
|c член-корреспондент РАЕН
|f 1947-
|g Константин Петрович
|3 (RuTPU)RU\TPU\pers\19765
|4 070
|9 7703
|
| 701 |
|
1 |
|a Воробьев
|b С. А.
|c российский ученый, физик
|c старший научный сотрудник НИИ ядерной физики Томского политехнического университета
|f 1944-1992
|g Сергей Александрович
|3 (RuTPU)RU\TPU\pers\19776
|4 070
|
| 701 |
|
1 |
|a Стародубова
|b В. Г.
|
| 801 |
|
1 |
|a RU
|b 63413507
|c 20091028
|
| 801 |
|
2 |
|a RU
|b 63413507
|c 20120910
|g RCR
|
| 942 |
|
|
|c BK
|